| 000 | 00828cam a2200253 a 4500 | ||
|---|---|---|---|
| 999 |
_c48218 _d48218 |
||
| 001 | 4225589 | ||
| 005 | 20191004094558.0 | ||
| 008 | 820827s1982 vaua b 000 0 eng | ||
| 010 | _a 82070273 | ||
| 020 |
_a0871201135 (pbk.) : _c$8.50 |
||
| 040 |
_aDLC _cDLC _dDLC _dOCoLC |
||
| 245 | 0 | 0 |
_aHelping teachers manage classrooms / _cDaniel L. Duke, editor. |
| 260 |
_aAlexandria, Va. : _bAssociation for Supervision and Curriculum Development, _cc1982. |
||
| 300 |
_aix, 163 p. : _bill. ; _c23 cm. |
||
| 336 | _atext | ||
| 337 | _aunmediated | ||
| 338 | _avolume | ||
| 504 | _aIncludes bibliographies. | ||
| 650 | 0 | _aClassroom management. | |
| 700 | 1 | _aDuke, Daniel Linden. | |
| 710 | 2 | _aAssociation for Supervision and Curriculum Development. | |
| 906 |
_a7 _bcbc _corignew _d2 _eopcn _f19 _gy-gencatlg |
||
| 942 |
_2lcc _cBK |
||